| 000 | 01354nam a2200277 i 4500 | ||
|---|---|---|---|
| 001 | bg | ||
| 111 | 2 |
_aBiomechanika '94 _n(12 ; _d1994 ; _cWrocław-Szklarska Poręba). |
|
| 245 | 0 | 0 |
_aBiomechanika '94 = _bBiomechanics '94 : XII Szkoła Biomechaniki, Wrocław-Szklarska Poręba, 20-23 października 1994 r. / _c[red. Romuald Będziński et al.]. |
| 260 |
_aWrocław : _bOficyna Wydawnicza PW, _c1994. |
||
| 300 |
_a354 s. : _bfot., rys., wykr. ; _c30 cm. |
||
| 490 | 1 |
_aPrace Naukowe Instytutu Konstrukcji i Eksploatacji Maszyn Politechniki Wrocławskiej. Konferencje = _aScientific Papers of the Institute of Machine Design and Operation of the Technical University of Wrocław. Conferences, _x0324-9646 ; _v21 |
|
| 500 | _aTekst częśc. ang. | ||
| 500 | _aNumeracja ser. gł. : 75. | ||
| 504 | _aBibliogr., streszcz., summ. przy ref. - Indeks. | ||
| 650 | 9 | _aBiomechanika | |
| 650 | 9 | _aChirurgia | |
| 655 | _aMateriały konferencyjne | ||
| 700 | 1 |
_aBĘDZIŃSKI, Romuald. _eRed. |
|
| 711 | 2 |
_aSzkoła Biomechaniki _n(12 ; _d1994 ; _cWrocław-Szklarska Poręba) _eak |
|
| 830 | 0 |
_aPrace Naukowe Instytutu Konstrukcji i Eksploatacji Maszyn Politechniki Wrocławskiej. _pKonferencje ; _v21 |
|
| 040 | _cBPK | ||
| 041 | 0 |
_aengpol _bengpol |
|
| 080 | _a611.7:531:617:615.47:796.015](061.3) | ||
| 942 | _cKS | ||
| 008 | s pl f |000 0 pol | ||
| 999 |
_c30772 _d30772 |
||